| 000 | 00680nam a2200217Ia 4500 | ||
|---|---|---|---|
| 003 | GCL | ||
| 005 | 20240530102802.0 | ||
| 008 | 140319s9999 xx 000 0 ara d | ||
| 040 |
_aGCL / _cGCL |
||
| 082 | 0 | 4 |
_a001.5 _bل س |
| 100 | 1 | _aليلى عبدالمجيد | |
| 245 | 1 | 0 |
_aسياسات الاتصال فى العالم الثالث / _cليلى عبدالمجيد |
| 260 |
_a[S.N] : _bالطباعى العربى ، _c1986 |
||
| 300 | _a158 ص | ||
| 490 |
_aسياسيات الاتصال وتشريعاتة _v0 |
||
| 650 | 0 | 4 | _aالاتصال |
| 650 | 0 | 4 | _aالاعلام |
| 650 | 0 | 4 | _aوسائل الاعلام |
| 700 | 1 | _aخليل صابات | |
| 942 |
_2ddc _cBK |
||
| 999 |
_c34648 _d34648 |
||